00509nam a2200181Ia 450000500170000000800410001702000150005808200160007310000140008924500260010326000340012930000180016365000140018165000120019594200060020795200990021399900150031220250110051234.0240331s9999 xx 000 0 und d a0375701133 bLUKa943.06 aLukacs, J 4aThe Hitler of history aNew YorkbVintage Booksc1998 aXiv, 279 p ., aBiography aHistory cL 001040708LaWERCLbWERCLcSSCd2024-03-31l0o 943.086 LUKp2717r2024-03-31w2024-03-31yL c3422d3422